000
00268nam a2200109Ia 4500
001
588961
005
20250717120840.0
008
250717s9999 xx 000 0 und d
245
0
_a
Y-10 KIZIL TÜY
_c
KORAY AVCI ÇAKMAN
260
_b
ERDEM YAYINLARI
_c
2018
300
_b
112
999
_c
588961
_d
588961